000
00277nam a22001337a 4500
003
SGT
020
_a
9788131234600
082
_a
362
_b
GOE
100
_a
GOEL, SONU
245
_a
HOSPITAL ADMINISTRATION
260
_b
ELSEVIER PUB.
_c
2014
300
_a
463
942
_2
ddc
_c
BK
_0
13
999
_c
15719
_d
15719